000 00707nam a2200289Ia 4500
005 20260324151025.0
008 008 260324s9999 xx 000 0 eng d
020 _a9780429422355
037 _aEBOOK
040 _aCRL
040 _beng
040 _cCRL
041 _2eng
041 _aeng
084 _qCRL
100 _aRowland E. Prothero; G.E. Fussell; O.R. McGregor
_91228462
245 0 _aEnglish Farming : Past and Present
245 0 _bNew (sixth) Edition
260 _bTaylor and Francis
260 _c1912
365 _a
365 _b350
856 _uhttp://www.taylorfrancis.com/books/9780429422355
942 _cEBOOK
999 _c1838881
_d1838881